00702nam a2200205Ia 4500003000400000005001700004008004100021040000700062082001900069100005100088245004800139260004500187365000800232650003700240650003000277906005200307942001200359999001900371952010600390OSt20230527123146.0210423s1984 xx 000 0 und d cAL a323 223bJOSD aJOSEPH (George Desnochers);JOHN (Baw).9115448 aDevelopment human rights and action groups. aBangalorebCentr for social actionc1984 cINR aCivil & Political Rights9115449 aPolitical Science9115450 aaction ; Development ; groups. ; human ; rights 2ddccBK c174408d174408 001040708MSWaSACPGbSACPGd2006-11-18l0o323 JOSDpPG021087r2022-08-24 00:00:00w2021-04-26yBK